00547nam a2200193 a 4500001001300000003000900013005001700022008004100039020002600080082001500106100002200121245006900143260004200212300000900254500003500263505001000298650002300308700002200331nice12345678IN_TiNIC20260116012258.0050524s1991 leia grp 000 0 eng  a0851111 c791.8400a147.4bNET aNetland, Harold A aDissonant Voicesb Religious Pluralism and the Question of Truth aLeicesterbInter Varsity Press c1991 a323p aincludes index and biblioraphy2 aIndex aPluralism-Religion1 aNetland, Harold A